Educación y lucha de clases

Gorde:
Xehetasun bibliografikoak
Egile nagusia: Ponce, Anibal (Egilea)
Formatua: Liburua
Hizkuntza:gaztelania
Argitaratua: Buenos Aires El Viento en el Mundo 1972
Gaiak:
Etiketak: Etiketa erantsi
Etiketarik gabe, Izan zaitez lehena erregistro honi etiketa jartzen!

MARC

LEADER 00000nam a2200000 a 4500
001 UCP8876
003 CL-VaPUC
008 000317e19720000AG |||||||||||||||||spa|d
082 0 4 |a 335.411  |b PON  |2 21 
100 0 |a Ponce, Anibal  |e author  |9 439124 
245 1 0 |a Educación y lucha de clases 
300 |a 195 p 
942 |c BK 
945 |d 20000317 00:00:00  |a lriquelm 
260 |a Buenos Aires  |b El Viento en el Mundo  |c 1972 
650 0 |a Filosofía marxista  |9 337959 
650 7 |a MARXISMO  |2 CL-VaPUC  |9 439125 
650 0 |a Educación  |9 258661 
650 7 |a CONFLICTO DE CLASES  |2 CL-VaPUC  |9 337068 
650 7 |a CONCIENCIA DE CLASE  |2 CL-VaPUC  |9 339538 
583 |a last modification  |c 20000317 00:00:00  |k Rodrigo Vera 
999 |c 285740  |d 285738 
952 |0 0  |1 0  |4 0  |6 335_411000000000000_PON_1972  |7 0  |8 A  |9 330510  |a BIBHIS  |b BIBHIS  |d 2019-11-20  |i 1387111  |o 335.411 PON 1972  |p 1387111  |r 2025-01-20  |w 2019-11-20  |y BK  |k HIS